000
00388nam a22001697a 4500
003
MPLRDC
005
20220104144126.0
008
210129b ||||| |||| 00| 0 eng d
082
_a
876 BEZK-7
100
_a
巴尔扎克著
245
_a
发明家的苦恼
_c
250
_a
初版
260
_a
_b
建文书局出版
_c
1959
300
_b
平
650
_a
942
_c
BK
_o
876 BEZK-7
999
_c
46619
_d
46609